000 01828nam a22002297a 4500
005 20250530152322.0
008 250414b |||||||| |||| 00| 0 eng d
020 _a9780670091225
040 _cSDCL
041 _2eng
_aeng
084 _aY5927.2'P Q9
100 _aYengde, Suraj
_9752235
245 _aCaste matters
260 _aGurugram :
_bPenguin Viking,
_c2019.
300 _axiii, 325p.
520 _aIn this explosive book, Suraj Yengde, a first-generation Dalit scholar educated across continents, challenges deep-seated beliefs about caste and unpacks its many layers. He describes his gut-wrenching experiences of growing up in a Dalit basti, the multiple humiliations suffered by Dalits on a daily basis, and their incredible resilience enabled by love and humour. As he brings to light the immovable glass ceiling that exists for Dalits even in politics, bureaucracy and judiciary, Yengde provides an unflinchingly honest account of divisions within the Dalit community itself-from their internal caste divisions to the conduct of elite Dalits and their tokenized forms of modern-day untouchability-all operating under the inescapable influences of Brahminical doctrines. This path-breaking book reveals how caste crushes human creativity and is disturbingly similar to other forms of oppression, such as race, class and gender. At once a reflection on inequality and a call to arms, Caste Matters argues that until Dalits lay claim to power and Brahmins join hands against Brahminism to effect real transformation, caste will continue to matter.
650 _aDalits -- Politics and government -- India -- Social conditions
_9811244
650 _aBiography & Autobiography / Personal Memoirs
_9811245
650 _aLiterary Collections / Essays
_9811246
942 _2CC
_cTEXL
_n0
999 _c1308933
_d1308933